Les prénoms en "in" et "ine" - Statistiques

Statistiques générales
  • Ce quiz a été pris 549 fois
  • Le résultat moyen est 41 sur 229
Statistiques - réponses
Initiale Prénom % Correct
Garçon P Paulin
73%
Garçon M Martin
67%
Fille P Pauline
66%
Fille A Aline
64%
Garçon M Marin
62%
Garçon J Justin
60%
Fille M Martine
59%
Garçon Q Quentin
59%
Fille J Justine
57%
Fille M Marine
57%
Garçon V Valentin
53%
Garçon A Amin
51%
Fille K Karine
49%
Fille V Valentine
49%
Fille A Adeline
44%
Fille C Caroline
44%
Fille E Emeline
44%
Fille K Karoline
44%
Fille L Line
44%
Fille C Céline
42%
Garçon C Colin
42%
Fille K Kristin
42%
Garçon A Alain
41%
Fille A Amandine
41%
Fille C Corinne
41%
Garçon A Augustin
39%
Garçon C Clémentin
39%
Garçon F Florin
39%
Fille S Sandrine
39%
Garçon C Corentin
38%
Fille C Charline
37%
Fille C Christine
37%
Fille K Kristine
37%
Fille L Laurine
37%
Fille C Coline
36%
Fille C Catherine
35%
Fille F Francine
35%
Fille K Katherine
35%
Garçon K Kevin
35%
Fille A Augustine
34%
Fille C Clementine
34%
Fille C Carine
33%
Fille S Sabine
33%
Garçon S Séverin
33%
Fille S Séverine
31%
Garçon A Antonin
30%
Garçon D Delphin
30%
Fille F Florine
30%
Garçon G Gabin
30%
Fille G Géraldine
30%
Fille J Jacqueline
30%
Fille D Delphine
29%
Fille E Eveline
29%
Fille J Jeanine
29%
Garçon F Faustin
28%
Fille N Nadine
28%
Garçon V Victorin
27%
Fille Y Yasmine
27%
Fille A Apolline
26%
Fille F Faustine
26%
Garçon R Robin
26%
Fille C Claudine
25%
Garçon G Germain
25%
Garçon J Jasmin
25%
Fille J Joséphine
25%
Fille P Pascaline
25%
Fille V Victorine
25%
Fille B Blandine
24%
Fille D Dorine
24%
Garçon S Sylvain
24%
Fille J Jasmine
23%
Fille M Micheline
23%
Fille P Perrine
23%
Fille A Albertine
22%
Garçon A Amine
22%
Fille C Célestine
22%
Fille C Corentine
22%
Fille E Eglantine
22%
Garçon F Florentin
22%
Fille L Ludivine
22%
Fille M Méline
22%
Fille O Ondine
22%
Garçon B Benjamin
21%
Fille R Roseline
21%
Fille S Soline
21%
Garçon A Albin
20%
Fille C Capucine
20%
Fille C Coraline
20%
Garçon F Firmin
20%
Fille G Germaine
20%
Fille M Marcelline
20%
Garçon M Marcelin
19%
Fille P Philippine
19%
Fille A Ameline
18%
Garçon J Jocelin
18%
Fille L Léontine
18%
Fille A Alexandrine
17%
Fille A Angéline
17%
Garçon C Constantin
16%
Fille H Honorine
16%
Fille R Rosine
16%
Fille H Hermine
15%
Fille J Joceline
15%
Fille M Madeline
15%
Fille M Maurine
15%
Fille O Ombeline
15%
Garçon S Séraphin
15%
Garçon E Erin
14%
Garçon G Ghislain
14%
Fille J Janine
14%
Fille L Lorine
14%
Fille N Noëline
14%
Fille R Romaine
14%
Fille S Sylvaine
14%
Garçon U Urbain
14%
Fille Y Yveline
14%
Fille B Benjamine
13%
Garçon C Constantine
13%
Fille F Fantine
13%
Garçon O Odin
13%
Fille R Régine
13%
Fille S Séraphine
13%
Fille Z Zéline
13%
Garçon J Josselin
12%
Fille A Albine
11%
Garçon A Aubin
11%
Fille G Gwendoline
11%
Fille L Lucine
11%
Fille M Maëline
11%
Garçon M Merlin
11%
Garçon Z Zinédine
11%
Garçon B Bernardin
10%
Fille G Ghislaine
10%
Fille J Josseline
10%
Fille M Madeleine
10%
Fille M Maryline
10%
Fille M Mélusine
10%
Fille A Alphonsine
9%
Fille I Isaline
9%
Garçon B Baptistin
8%
Fille B Bernardine
8%
Fille F Féline
8%
Garçon L Lubin
8%
Garçon M Marvin
8%
Garçon M Mathurin
8%
Garçon M Melvin
8%
Garçon Y Yvain
8%
Fille B Baptistine
7%
Garçon C Calvin
7%
Fille K Kevine
7%
Fille R Reine
7%
Fille R Rosaline
7%
Fille S Sixtine
7%
Fille V Violaine
7%
Garçon A Antoine
6%
Garçon C Carmine
6%
Fille G Georgine
6%
Fille O Opaline
6%
Garçon S Saturnin
6%
Fille T Tiphaine
6%
Garçon Y Yassine
6%
Fille A Armandine
5%
Garçon A Austin
5%
Fille F Fleurine
5%
Garçon G Gauvain
5%
Fille K Kateline
5%
Fille L Laureline
5%
Fille L Léopoldine
5%
Garçon N Nordine
5%
Garçon Y Yacine
5%
Fille A Agrippine
4%
Garçon B Bertin
4%
Fille E Eponine
4%
Fille L Lauraine
4%
Fille L Loraine
4%
Fille M Marjolaine
4%
Fille M Mathurine
4%
Garçon A Aladin
3%
Fille A Ambroisine
3%
Garçon B Baudouin
3%
Fille C Colombine
3%
Garçon E Edwin
3%
Fille E Elaine
3%
Fille E Evangeline
3%
Garçon F Franklin
3%
Fille G Gérardine
3%
Fille G Gilbertine
3%
Fille H Hectorine
3%
Fille J Jéromine
3%
Fille A Armeline
2%
Garçon C Caïn
2%
Fille D Dauphine
2%
Garçon D Dustin
2%
Fille G Giseline
2%
Garçon H Houcine
2%
Garçon K Kelvin
2%
Garçon L Laurentin
2%
Fille L Laurentine
2%
Fille M Mayline
2%
Fille N Nicoline
2%
Garçon N Noureddine
2%
Garçon P Pépin
2%
Fille Z Zéphyrine
2%
Garçon A Alwin
1%
Garçon C Chahine
1%
Garçon C Corbin
1%
Garçon C Crépin
1%
Garçon C Crispin
1%
Garçon E Elvin
1%
Fille H Herveline
1%
Garçon H Hussein
1%
Fille I Isoline
1%
Fille J Jacobine
1%
Fille K Katarine
1%
Fille K Katrine
1%
Fille K Kirstine
1%
Garçon L Liévin
1%
Fille M Madoline
1%
Fille M Mélaine
1%
Fille M Modestine
1%
Garçon S Sidoine
1%
Garçon T Tonin
1%
Fille Y Yolaine
1%
Fille A Argine
0%
Fille E Egine
0%
Fille E Euphrosine
0%
Fille M Mahine
0%
Fille R Richardine
0%
Garçon S Saladin
0%
Aucun quiz correspondant
Distribution des résultats
% des personnes avec chaque résultat
Percentile par nombre de réponses
Votre historique - résultats
Vous n’avez pas pris ce quiz